00449nam a2200169Ia 4500003000400000008004100004040001600045082001700061100001500078245004000093260004400133300001000177650001300187650001200200650003600212650003100248GCL140319s9999 xx 000 0 eng d aGCL / cGCL04a306.874bS A1 aSPOCK, DR.10aL'ART D'ETRE PARENTS / cSPOCK, DR. a[S.N] : bMARABOUT UNIVERSITE ، c1990 a468 P04aCHILDREN04aPARENTS04aCHILDREN - DISEASES - DIAGNOSIS04aCHILDREN BOOKS AND READING